000 00443nam a2200181Ia 4500
001 16380
003 IN-NITTTR
005 20251114233154.0
008 251113s9999||||xx |||||||||||||| ||eng||
040 _beng
040 _cIN-NITTTR
041 _aeng
082 _a621.381952 F811C
100 _aFoster, Caxton C.
245 0 _aComputer archietecture. /
_cFoster, Caxton C., Iberall, Thea
700 _a Iberall, Thea
942 _2ddc
_cBK
999 _c19014
_d19014